Fr. Conceicao Rodrigues College of Engineering

Elements of materials sciences and engineering (Record no. 26416)

MARC details
000 -LEADER
fixed length control field 00328nam a2200133Ia 4500
082 ## - DEWEY DECIMAL CLASSIFICATION NUMBER
Classification number 620.112
100 ## - MAIN ENTRY--PERSONAL NAME
Personal name Van Vlack/ L.H.
245 ## - TITLE STATEMENT
Title Elements of materials sciences and engineering
260 ## - PUBLICATION, DISTRIBUTION, ETC.
Name of publisher, distributor, etc. ADDISON-WESLEY PUBLICATION CO.
Place of publication, distribution, etc. Reading
Date of publication, distribution, etc. 1975
300 ## - PHYSICAL DESCRIPTION
Extent 496
546 ## - LANGUAGE NOTE
Language note ENGLISH
654 ## - SUBJECT ADDED ENTRY--FACETED TOPICAL TERMS
Focus term Engineering
942 ## - ADDED ENTRY ELEMENTS (KOHA)
Koha item type BOOK
Holdings
Withdrawn status Lost status Damaged status Not for loan Collection Home library Current library Shelving location Date acquired Cost, normal purchase price Inventory number Total Checkouts Full call number Barcode Date last seen Cost, replacement price Price effective from Koha item type
        AFT Fr. Agnel's C.Rodrigues College of Engineering Fr. Agnel's C.Rodrigues College of Engineering   17/03/2023 81.00 kbc/6892   620.112 AFT2274 17/03/2023 81.00 17/03/2023 BOOK